00508nam a22002057a 4500003000500000005001700005008004100022010001000063011001000073035001000083040000900093082002100102100003000123245004600153250001000199260002800209300002800237650002600265650001100291CHAP20220329134354.0971013s1979 r 00010 d a19511 a20483 a24571 cCHAP a626.982bD5 197900aDickinson, Gordon Cawood. aMaps and photographs; images of the earth a2 ed. aLondon :bArnold,c1979 a348 p.b: ilus. ; mapas14aFotografía aérea.14aMapas.